Всадник с золотой трубой: Повесть о художнике; Для среднего и старшего школьного возраста

Dettagli Bibliografici
Autore principale: Зорин В. Н. Валентин Николаевич
Altri autori: Стильве В. А. (иллюстратор)
Riassunto:Исключено из фонда НТБ ТПУ
Lingua:russo
Pubblicazione: Калининград, Калининградское книжное изд-во, 1983
Natura: MixedMaterials Libro
KOHA link:https://koha.lib.tpu.ru/cgi-bin/koha/opac-detail.pl?biblionumber=139257

MARC

LEADER 00000nam0a2200000 4500
001 139257
005 20231031141659.0
020 |a RU  |b 83-73078 
035 |a (RuTPU)RU\TPU\book\150864 
090 |a 139257 
100 |a 20080604d1983 de y0rusy5003 ca 
101 0 |a rus 
102 |a RU 
105 |a a z 000ay 
200 1 |a Всадник с золотой трубой  |e Повесть о художнике   |e Для среднего и старшего школьного возраста  |f В. Н. Зорин  |g худож. В. А. Стильве 
210 |a Калининград  |c Калининградское книжное изд-во  |d 1983 
215 |a 160 с.  |c ил. 
333 |a Исключено из фонда НТБ ТПУ 
700 1 |a Зорин  |b В. Н.  |g Валентин Николаевич 
702 1 |a Стильве  |b В. А.  |4 440 
801 0 |a RU  |b RuMRKP  |c 19950704  |g psbo 
801 1 |a RU  |b 63413507  |c 20080604  |g PSBO 
801 2 |a RU  |b 63413507  |c 20220310  |g PSBO 
942 |c BK